000 00500nam a2200181Ia 4500
005 20250326123933.0
008 250326s9999 xx 000 0 und d
037 _aTextbook
040 _aFMSL
_beng
_cFMSL
041 _aeng
_2eng
084 _aT(X:8) K9
_qFMSL
100 _aTurner B T
_9736438
245 0 _aManagement training for engineers
_cTurner B T
260 _aLondon
_bLondon, Business Books
_c1969
300 _a401p
942 _cTB
_hT(X:8) K9
999 _c1271560
_d1271560